000 00257nam a22001217a 4500
020 _a0-19-561790
082 _a425
_bMAN/U
245 _aUSING GRAMMAR
260 _aNEW DELHI
_bOXFORD UNIVERSITY
300 _a122
650 _aGRAMMAR
_zNEW DELHI
942 _cBK
999 _c3823
_d3823